| 000 | nam a22 a 4500 | ||
|---|---|---|---|
| 999 |
_c118423 _d118423 |
||
| 003 | BLK | ||
| 005 | 20220628130022.0 | ||
| 008 | 180409b bul|||||r ||||||| ||bul|| | ||
| 010 | _aKNG00124025000 | ||
| 040 | _aBLK | ||
| 041 |
_aBUL _cBUL |
||
| 080 |
_aБразилска литература _b821.134.3(81) _x-31 _z821.134.3(81)-31 |
||
| 100 | 1 |
_aАмаду, Жоржи _eпърви автор _931032 |
|
| 139 |
_aАмаду, Жоржи _bА 60 |
||
| 245 | 1 | 0 |
_aПастири на нощта _bРоман _cЖоржи Амаду; прев. от португ. Тодор Петров Ценков. |
| 257 | _aBRA | ||
| 260 |
_aСофия _bДърж. изд. _c1969 |
||
| 300 |
_a376 с. _c22 см |
||
| 380 | _aX | ||
| 500 | _aОриг. загл. Los pastores da noite. | ||
| 700 | 1 |
_aЦенков, Тодор Петров _eпрев. от португ. _9315626 |
|
| 852 | _aЦб 52246 | ||
| 856 | 4 | _qpdf | |
| 856 | 4 | _qpdf | |
| 942 |
_cKNG _n0 _s1 |
||
| 944 |
_aCR _c29.06.2011 _l29.06.2011 - от С1,Р / 29.06.2011 _kВиолета_Тройчева |
||
| 944 |
_aED _c2022-06-28 _kир |
||
| 999 | _d118423 | ||